000 00784nab a2200241u 4500
001 23086
003 HDC
007 c| |||a|c|aaaa
008 210315b20150817my ||||| |||| 00| 0 may d
040 _aHDC
100 _aHafsah Hashim /
_eauthor
_98421
245 0 _aPreparing SMEs to be champions /
_cHafsah Hashim
336 _atext
_2rdacontent
337 _acomputer
_2rdamedia
338 _aonline resource
_2rdacarrier
650 _aHalal Development Corporation (HDC)
_98170
650 _aSME Corp
_99986
710 _aNEW STRAITS TIMES
856 _zRequest full-text at [email protected]
942 _2lcc
942 _cNEWS
942 _kNWSC 005069
999 _c20402
_d20402